[Event "Southend op"]
[Site "London"]
[Date "1998.04.12"]
[Round "6"]
[White "Young, Jonathan G"]
[Black "Walker, Graham"]
[Result "1-0"]
[WhiteElo "1728"]
[BlackElo "1368"]
[PlyCount "55"]
[EventDate "1998.04.10"]
[EventType "swiss"]
[EventRounds "7"]
[EventCountry "ENG"]
[SourceTitle "EXT 2001"]
[Source "ChessBase"]
[SourceDate "2000.11.22"]
[SourceVersion "1"]
[SourceVersionDate "2000.11.22"]
[SourceQuality "1"]

1. e4 e6 2. d4 d5 3. Nd2 c5 4. exd5 exd5 5. dxc5 Bxc5 6. Nb3 Nf6 7. Nxc5 Qa5+ 8. Bd2 Qxc5 9. Qe2+ Be6 10. Qb5+ Qxb5 11. Bxb5+ Bd7 12. Bxd7+ Nbxd7 13. Bb4 a5 14. Bc3 0-0 15. 0-0-0 Ng4 16. Nh3 Nb6 17. Rhe1 a4 18. f3 Nh6 19. g4 Rfe8 20. Nf4 Rxe1 21. Rxe1 f5 22. Re7 g5 23. Nh5 fxg4 24. Rg7+ Kf8 25. Rxh7 Nf5 26. fxg4 d4 27. Bb4+ Ke8 28. Nf6+ 1-0